[Event "Deizisau op 8th"]
[Site "Deizisau"]
[Date "2013.10.26"]
[Round "1"]
[White "Langheinrich, Ferenc"]
[Black "Bretthauer, Dirk"]
[Result "1-0"]
[WhiteElo "2456"]
[BlackElo "1957"]
[PlyCount "101"]
[EventDate "2013.10.26"]
[EventType "swiss"]
[EventRounds "7"]
[EventCountry "GER"]
[SourceTitle "EXT 2014"]
[Source "ChessBase"]
[SourceDate "2013.11.20"]
[SourceVersion "1"]
[SourceVersionDate "2013.11.20"]
[SourceQuality "1"]

1. Nf3 d5 2. g3 Nf6 3. Bg2 g6 4. 0-0 Bg7 5. d4 0-0 6. b3 Nbd7 7. Bb2 Ne4 8. c4 c6 9. Nbd2 Ndf6 10. Ne5 Nxd2 11. Qxd2 Be6 12. Rac1 a5 13. a4 Rc8 14. cxd5 Bxd5 15. Bxd5 Qxd5 16. Nc4 Nd7 17. Nxa5 e5 18. Rfd1 exd4 19. Bxd4 Bxd4 20. Qxd4 Qxa5 21. Qxd7 Qb6 22. Qd3 Rfe8 23. e3 Rcd8 24. Qc3 Rxd1+ 25. Rxd1 Rd8 26. Rxd8+ Qxd8 27. e4 Qd7 28. Kg2 h5 29. h4 Kh7 30. b4 Kg8 31. Qe5 Kh7 32. b5 cxb5 33. axb5 Kg8 34. b6 Kf8 35. Qc5+ Ke8 36. Kf3 Qe6 37. Ke3 Qd7 38. f3 Qe6 39. Qc7 Qd7 40. Qxd7+ Kxd7 41. Kd4 Kc6 42. Ke5 Kxb6 43. Kf6 Kc5 44. Kxf7 Kd4 45. Kf6 b5 46. e5 b4 47. e6 b3 48. e7 b2 49. e8Q b1Q 50. Qe5+ Kc4 51. Qe4+ 1-0

[Event "Augsburg Afro op"]
[Site "Augsburg"]
[Date "1997.??.??"]
[Round "7"]
[White "Bretthauer, Dirk"]
[Black "Leuchter, Gerhard"]
[Result "0-1"]
[WhiteElo "1655"]
[BlackElo "1835"]
[PlyCount "73"]
[EventDate "1997.??.??"]
[EventType "swiss"]
[EventRounds "7"]
[EventCountry "GER"]
[SourceTitle "EXT 2006"]
[Source "ChessBase"]
[SourceDate "2005.11.24"]
[SourceVersion "1"]
[SourceVersionDate "2005.11.24"]
[SourceQuality "1"]

1. e4 e5 2. Nf3 Nc6 3. Bc4 Nf6 4. d4 exd4 5. 0-0 d6 6. Ng5 Ne5 7. Bb3 h6 8. f4 hxg5 9. fxe5 dxe5 10. Bxg5 Be7 11. Na3 c6 12. Qd3 a5 13. c3 a4 14. Bc2 dxc3 15. Qxc3 Qd4+ 16. Qxd4 exd4 17. Nc4 a3 18. bxa3 Bc5 19. e5 Ng4 20. Nd6+ Bxd6 21. exd6 Rxh2 22. Rae1+ Be6 23. Bf5 Rh5 24. Bxe6 fxe6 25. Rxe6+ Kd7 26. Re7+ Kxd6 27. Rxg7 Kd5 28. Bc1 Rah8 29. Rxg4 Rh1+ 30. Kf2 Rxf1+ 31. Kxf1 Rh1+ 32. Ke2 Rxc1 33. Rg5+ Kc4 34. g4 d3+ 35. Kd2 Rc2+ 36. Kd1 Rxa2 37. Rf5 0-1

[Event "Augsburg Afro op"]
[Site "Augsburg"]
[Date "1997.??.??"]
[Round "6"]
[White "Jekel, Wolfgang"]
[Black "Bretthauer, Dirk"]
[Result "0-1"]
[WhiteElo "1760"]
[BlackElo "1655"]
[PlyCount "125"]
[EventDate "1997.??.??"]
[EventType "swiss"]
[EventRounds "7"]
[EventCountry "GER"]
[SourceTitle "EXT 2006"]
[Source "ChessBase"]
[SourceDate "2005.11.24"]
[SourceVersion "1"]
[SourceVersionDate "2005.11.24"]
[SourceQuality "1"]

1. d4 Nf6 2. Nf3 g6 3. b3 Bg7 4. Bb2 d5 5. g3 0-0 6. Bg2 Bg4 7. Nbd2 Nbd7 8. h3 Bf5 9. 0-0 Nb6 10. Re1 c6 11. Rc1 Rc8 12. c4 Ne4 13. Nh4 Qd7 14. Nxf5 Qxf5 15. Nxe4 dxe4 16. Qc2 Rfd8 17. e3 e5 18. dxe5 Bxe5 19. Bxe5 Qxe5 20. Qxe4 Qxe4 21. Bxe4 Rd2 22. Rc2 Rcd8 23. Rec1 Kf8 24. Rxd2 Rxd2 25. Rc2 Rd1+ 26. Kg2 Nd7 27. Bf3 Rd3 28. Kf1 Nf6 29. Ke2 Rd7 30. Rd2 Ke7 31. Rxd7+ Nxd7 32. Kd2 Kd6 33. Kc3 Ne5 34. Bg2 b6 35. f4 Nd7 36. e4 c5 37. Kd3 f6 38. g4 Nb8 39. h4 h6 40. g5 hxg5 41. hxg5 fxg5 42. e5+ Ke7 43. fxg5 Nd7 44. Ke4 Nf8 45. Bh3 Ne6 46. Bxe6 Kxe6 47. a3 a6 48. b4 cxb4 49. axb4 a5 50. bxa5 bxa5 51. Kd4 a4 52. c5 a3 53. Kc3 Kxe5 54. c6 Kd6 55. c7 Kxc7 56. Kb3 Kd6 57. Kxa3 Ke5 58. Kb3 Kf5 59. Kc3 Kxg5 60. Kd3 Kg4 61. Ke3 Kg3 62. Ke2 Kg2 63. Ke1 0-1

[Event "Augsburg Afro op"]
[Site "Augsburg"]
[Date "1997.??.??"]
[Round "4"]
[White "Winterkamp, Stefan"]
[Black "Bretthauer, Dirk"]
[Result "1/2-1/2"]
[WhiteElo "1905"]
[BlackElo "1655"]
[PlyCount "48"]
[EventDate "1997.??.??"]
[EventType "swiss"]
[EventRounds "7"]
[EventCountry "GER"]
[SourceTitle "EXT 2006"]
[Source "ChessBase"]
[SourceDate "2005.11.24"]
[SourceVersion "1"]
[SourceVersionDate "2005.11.24"]
[SourceQuality "1"]

1. b3 d5 2. Bb2 Nf6 3. e3 Bf5 4. f4 e6 5. Nf3 Be7 6. Be2 Nc6 7. Bb5 0-0 8. Bxc6 bxc6 9. Ne5 c5 10. d3 Bd6 11. Qe2 Nd7 12. 0-0 Nxe5 13. fxe5 Be7 14. Nd2 Bg6 15. Nf3 a5 16. a4 Rb8 17. Bc3 c6 18. Rf2 Bh5 19. Qd2 Ra8 20. h3 Bxf3 21. Rxf3 d4 22. exd4 cxd4 23. Bb2 Bg5 24. Qe2 Be3+ 1/2-1/2